[Event "Moscow Open 2009 B"]
[Site "www.moscowchessopen.ru"]
[Date "2009.02.08"]
[Round "9.210"]
[White "Surov, Anatoly"]
[Black "Mifodovsky, Valery"]
[Result "1-0"]
[WhiteElo "1905"]
[BlackElo "1400"]
[Annotator ""]
[Source ""]
[Remark ""]

1.e4 c5 2.Bc4 e6 3.Nc3 Nc6 4.Nf3 d6 5.d3 Be7 6.a3 Nf6 7.O-O O-O
8.Ne1 d5 9.exd5 exd5 10.Ba2 h6 11.Qf3 Nd4 12.Qd1 Bg4 13.f3 Be6
14.Ne2 Nxe2+ 15.Qxe2 Bd6 16.f4 Bg4 17.Qf2 Re8 18.Nf3 Qc7 19.h3
Bd7 20.Bd2 b6 21.Qh4 Re2 22.Rae1 Rae8 23.Rxe2 Rxe2 24.Re1 Rxe1+
25.Nxe1 Bc6 26.Nf3 Ba4 27.Ne1 Bd7 28.Qf2 Bc6 29.g4 d4 30.Ng2
b5 31.b4 cxb4 32.Bxb4 Bxb4 33.axb4 Qd6 34.g5 Nh5 35.Qh4 g6 36.f5
hxg5 37.Qxg5 Kg7 38.Nh4 Qxb4 39.Kf2 Qd6 40.fxg6 Qh2+ 41.Ke1 Qh1+
42.Kd2 Qh2+ 43.Kc1 Qf4+ 44.Qxf4 Nxf4 45.gxf7 Nxh3 1-0

[Event "Moscow Open 2009 B"]
[Site "www.moscowchessopen.ru"]
[Date "2009.02.08"]
[Round "9.211"]
[White "Motruk, Oleg"]
[Black "Kanatzhanov, Nurzhan"]
[Result "1-0"]
[WhiteElo "1727"]
[BlackElo "1400"]
[Annotator ""]
[Source ""]
[Remark ""]

1.e4 c5 2.c3 d5 3.exd5 Qxd5 4.d4 g6 5.Nf3 Bg7 6.Be3 cxd4 7.cxd4
Qa5+ 8.Nc3 Nh6 9.Qd2 Nf5 10.Rc1 Na6 11.Bb5+ Kf8 12.Bxa6 bxa6
13.O-O Bf6 14.Bh6+ Bg7 15.Bxg7+ Kxg7 16.Ne5 Qb6 17.Ne2 Bb7 18.Nc4
Qf6 19.Na5 Bd5 20.Rc5 Be6 21.Rc6 Nd6 22.Nf4 Bd7 23.Nd5 Qe6 24.Nc7
Qf5 25.Rc5 Ne4 26.Rxf5 Nxd2 27.Nxa8 Rxa8 1-0

[Event "Moscow Open 2009 B"]
[Site "www.moscowchessopen.ru"]
[Date "2009.02.08"]
[Round "9.212"]
[White "Antonov, Alexandr L."]
[Black "Radyanets, Andrey"]
[Result "1-0"]
[WhiteElo "1400"]
[BlackElo "1400"]
[Annotator ""]
[Source ""]
[Remark ""]

1.e4 e5 2.f4 d5 3.exd5 e4 4.Bc4 Bc5 5.Nc3 Nf6 6.d4 exd3 7.cxd3
O-O 8.d4 Bb4 9.Nge2 c6 10.dxc6 Nxc6 11.O-O Bg4 12.Qd3 Re8 13.Be3
Rc8 14.Ng3 Rc7 15.h3 Rce7 16.Rae1 Bc8 17.d5 b6 18.Bf2 Rxe1 19.Bxe1
Bc5+ 20.Bf2 Nb4 21.Qd2 Qd6 22.Rd1 h5 23.Nb5 Qe7 24.Bxc5 bxc5
25.a3 Na6 26.d6 Qb7 27.Nxh5 Nb8 28.Nxf6+ gxf6 29.Re1 Rxe1+ 30.Qxe1
a6 31.Nc7 Qxb2 32.Qe8+ Kg7 33.Qxf7+ 1-0

[Event "Moscow Open 2009 B"]
[Site "www.moscowchessopen.ru"]
[Date "2009.02.08"]
[Round "9.213"]
[White "Kanaev, Sergey"]
[Black "Ersin, Nurbek"]
[Result "1/2-1/2"]
[WhiteElo "1400"]
[BlackElo "1400"]
[Annotator ""]
[Source ""]
[Remark ""]

1.d4 Nf6 2.Bg5 c5 3.Bxf6 exf6 4.c3 d5 5.e3 Nc6 6.Nf3 cxd4 7.Nxd4
Nxd4 8.Qxd4 a6 9.Be2 Be6 10.Nd2 Qc7 11.Nf3 1/2-1/2